000 00677nam a2200217Ii 4500
003 JO-AjNU
008 230605s9999||||xx |||||||||||||| ||und||
017 _a1998/12/2015
020 _a9957-07-041
040 _aJO-AjNU
_bara
_erda
_cJO-AjNU
041 _aara
050 1 4 _aRA644 1998
100 3 _aالخفاف ، عبد علي ,
_eauthor
_921150
245 0 0 _aجغرافية الايدز في العالم
264 3 1 _aعمان:دار الفكر ، 1998
300 _a191ص
336 _atext
_btxt
_2rdacontent
337 _aunmediated
_bn
_2rdamedia
338 _avolume
_bnc
_2rdacarrier
650 4 _aالعلوم التطبيقية-الايدز-امراض
_921151
999 _aA7299
_c10867
_d10867